| 000 | 00669nam a2200145Ia 4500 | ||
|---|---|---|---|
| 008 | 171212s9999 xx 000 0 und d | ||
| 020 | _a9780874211245 | ||
| 100 | _aPaulsen, Deirdre | ||
| 245 |
_cPaulsen, Deirdre _aRoll Away Saloon |
||
| 260 |
_bUniversity Press of Colorado _c1985 |
||
| 440 | _aWestern Experience Series | ||
| 650 | _aHistory | ||
| 650 | _aRider, Rowland W., 1890-; Frontier and pioneer life -- Utah -- Kanab Region; Frontier and pioneer life -- Arizona -- Grand Canyon Region; Cowboys -- Utah -- Kanab Region -- Biography; Cowboys -- Arizona -- Grand Canyon Region -- Biography; Folklore -- Uta | ||
| 856 | _uhttp://www.jstor.org/stable/j.ctt46nxm7 | ||
| 999 |
_c353167 _d353167 |
||